1778 1780 1584 1605 1783 1505 1068 1227 1789 1432 1925 1400 1133 1921 1958 1788 1075 1898 1737 1613 1309 1342 1516 1956 1089 1438 1426 1727 1465 1697 1524 1157 1052 1259 1558 1308 1991 1244 1221 1810 1586 1324 1085 1571 1698 1972 1753 1823 1183 1594 1954 1608 1554 1449 1050 1085 1507 1649 1460 1141 1487 1380 1242 1044 1284 1167 1542 1182 1628 1871 1891 1315 1364 1990 1184 1983 1245 1910 1566 1913 1593 1088 1856 1230 1903 1161 1056 1191 1441 1244 1313 1296 1589 1045 1160 1005 1038 1889 1365 BCNSPRNW ULIB Ver.6.0+V

เปลี่ยนเป็นภาษาไทย

Change to English
 แสดงรายละเอียดบรรณานุกรม
  กลับหน้าหลัก

Brief Record : Get Marc (ISO 2709) : E-mail record : QR code < ปิดหน้าต่าง
LEADER : 00000nam 2200000uu 4500
001    13399108265
003     ULIB
008    110225s2550||||th 000 0 tha d
060  4 WV140^bว429ร 2550
100 0  วันทนีย์ บุญบงการ
245 00 ความรู้เรื่องโรค:โรคทางระบบหู ตา คอ จมูกและกลุ่มอุบัติเหตุ/^cวันทนีย์ บุญบงการ
260    กรุงเทพฯ:^bสำนักพิมพ์ยูบุ๊ค,^c2550
300    79 หน้า :^bภาพประกอบสี
650  7 โรคทางระบบหู ตา คอ จมูก
650  7 อุบัติเหตุ
856    ทศพร
945    ^p625^l0^i026629
999 ^a ใช้งานได้ทุกระบบ
รายการนี้ยังไม่มีแท็ก
คุณยังไม่ได้ล็อกอิน คุณสามารถมีกิจกรรมร่วมกับเว็บไซต์ได้ แต่ต้องล็อกอินก่อน ::
  ล็อกอิน

รายการสื่อสารสนเทศ

ลำดับที่ ประเภท เลขเรียก/บาร์โค้ด สถานที่ สถานะ
- ไม่พบข้อมูล -

รายการใกล้เคียง
    ผู้แต่ง [วันทนีย์ บุญบงการ]

    หัวเรื่อง [โรคทางระบบหู ตา คอ จมูก]
    หัวเรื่อง [อุบัติเหตุ]

BibComment


ยังไม่เคยถูกคอมเมนท์

คอมเมนท์ทรัพยากรรายการนี้
  คอมเมนท์: ความรู้เรื่องโรคโ..


 Copyright 2026. Bcnsprnw @Library